Plus grandes puissances militaires - Statistiques

Statistiques générales
  • Ce quiz a été pris 130 fois
  • Le résultat moyen est 17 sur 20
Statistiques - réponses
Hint Réponse % Correct
2 Russie
100%
1 États-Unis
99%
7 France
99%
14 Allemagne
98%
3 Chine
98%
4 Inde
94%
6 Royaume-Uni
94%
11 Brésil
92%
8 Japon
92%
17 Espagne
90%
10 Italie
88%
5 Corée du Sud
85%
18 Australie
83%
16 Iran
81%
12 Pakistan
78%
15 Israël
70%
20 Ukraine
69%
9 Turquie
68%
19 Égypte
59%
13 Indonésie
53%
Aucun quiz correspondant
Distribution des résultats
% des personnes avec chaque résultat
Percentile par nombre de réponses
Votre historique - résultats
Vous n’avez pas pris ce quiz